000 00295nam a22001337a 4500
008 171020b xxu||||| |||| 00| 0 eng d
020 _a9781557864437
041 _aeng
080 _a338
100 _a57
101 _aMNG
245 _aMARKET MICROSTRUCTURE THEORY
_cHARA, M
942 _2udc
_cBK
999 _c35224
_d35224